000 00656nam a22001937a 4500
005 20251003113146.0
008 251003b |||||||| |||| 00| 0 eng d
020 _a9780357987384
082 _aDC 320 D720 2025
100 _aDooley, Kevin.
_968362
245 _aWhy politics matters :
_ban introduction to political science /
_cKevin Dooley and Joseph Patten.
250 _aFourth edition.
260 _aUSA :
_bCengage,
_c©2025.
300 _axxvi, 388 pages :
_billustrations (some colored) ;
_c24 cm.
500 _aIncludes glossary and index.
650 0 _aPolitical science.
_968450
700 _aPatten, Joseph.
_968365
_eauthor.
942 _2ddc
_cDC
999 _c23954
_d23954